000 01235ngm a22003610a 4500
001 PT13510
003 AR-LpoUNG
005 20210202000254.0
007 vd cvaizq
008 191001s1988||||ag |||||||||||||||||spa d
037 _c$5
040 _aAR-LpoUNG
_bspa
_cAR-LpoUNG
_eaacr
041 _aspa
044 _aag
082 0 _a305.5 436deu
100 1 _aPereira, Miguel
_edir.
245 1 3 _aLa deuda interna :
_bdesde el interior de nosotros mismos
260 _aSan Luis :
_bAll Video,
_c1988.
300 _aVHS : son., col.
505 0 _aProducción: Julio Lencina ; fotografía: Gerry Feeny ; música: Jaime Torres ; guión: Leiva Muller.
520 _aVerónico Cruz es un jóven indio que muere ahogado en el hundimiento del Crucero General Belgrano, durante la guerra de las Malvinas. Esta historia narra su vida y crecimiento en una de las regiones más inhóspitas del territorio argentino, y su muerte en el lejano mar Austral.
650 4 _aBIOGRAFIAS
650 4 _aCULTURA
650 4 _aEDUCACION
650 4 _aFUERZAS ARMADAS
650 4 _aGUERRA
650 4 _aPROBLEMAS SOCIALES
650 4 _aSOCIEDAD
653 _aCINE ARGENTINO
653 _aVIDEOS
905 _a13510
942 _cVIDEO
999 _c54499
_d54499